Statistiken für Kanonische Aminosäuren

Klicken Sie hier um das Quiz zu spielen!

Allgemein

  • Dieses Quiz wurde 117 mal gespielt
  • Das Durchschnittsergebnis liegt bei 14 aus 20

Antwortstatistiken

EigenschaftAminosäre% Korrekt
UnpolarAlanin
86%
PolarAsparagin
84%
BasischLysin
82%
PolarGlutamin
78%
PolarCystein
76%
SauerGlutaminsäure
76%
UnpolarLeucin
76%
UnpolarIsoleucin
75%
UnpolarTryptophan
75%
UnpolarValin
75%
SauerAsparaginsäure
73%
PolarGlycin
73%
UnpolarMethionin
73%
UnpolarPhenylalanin
73%
BasishArginin
71%
UnpolarProlin
69%
BasishHistidin
67%
PolarTyrosin
65%
PolarThreonin
59%
PolarSerlin
33%

Verteilung der Resultate

Perzentil nach korrekt beantworteten Fragen

Anzahl Personen mit jedem Resultat

Ihre Resultats-Entwicklung

Sie haben dieses Quiz noch nicht gespielt